| 000 | 00817 a2200217 4500 | ||
|---|---|---|---|
| 008 | 080820t xxu||||| |||| 00| 0 eng d | ||
| 010 | _aENG-84940 | ||
| 020 |
_a817910083X _c300.00 |
||
| 035 | _aEN-68473 | ||
| 037 | _bD.B.Act / Pub | ||
| 082 | _a415 | ||
| 100 | _aMishra, Madhusudan | ||
| 245 |
_aAn introduction to Sanskrit _cby Madhusudan Mishra _bSanskrit grammar and composition |
||
| 260 |
_aDelhi _bParimal Publications _c2006 |
||
| 270 |
_a27/28, Shakti Nagar, _bDelhi _cDelhi _e110007 _mparimal@ndf.vsnl.net.in _k23845456 |
||
| 300 |
_axiii, 384 p. _c22 cm (Hb) |
||
| 500 | _aIncludes index | ||
| 650 | _aSanskrit language | ||
| 942 |
_adpl _cEN _k415 / MIS _2ddc _h415 _mMIS |
||
| 999 |
_c783 _d783 |
||